000 00543nab a2200145Ia 4500
003 ES-SlBCS
005 20210601133733.0
008 140529s1997 xxu||||| |||| 00| 0 por d
041 _apor
100 1 _aGuido, Humberto do Aparecido de Oliveira
_9208951
245 0 0 _aO problema da lenguagem na transaçao da filosofia humanista para a filosofia moderna
_c Humberto do Aparecido de Oliveira Guido
650 0 4 _aFilosofía Humanista
_9208952
773 0 _tEducaçao e Filosofia
_gvol. 11, nº. 21-22, 1997, págs. 225-243
_wRev1534
942 _cAR
999 _c601311
_d601311